000 00257nam a2200109Ia 4500
999 _c8564
_d8564
020 _a978-0130307545
100 _aLulushi, Albert
245 0 _aOracle Forms Developer,s Handbook
260 _aNew Jersey
_bWorld Scientific
_c2013
300 _a159
942 _cBK